00894 a2200181 4500020001800000020001500018082001500033245032500048260007800373300003200451650001900483650001000502650003700512650001400549830003900563999001500602952009500617 a9780784410462 a0784410461 a624.151 GE aSoils and rock instrumentation, behavior, and modeling :bselected papers from the 2009 GeoHunan International Conference, August 3-6, 2009, Changsha, Hunan, China /chosted by Changsha University of Science and Technology, China ; co-sponsored by ASCE Geo-Institute, USA ... [et al.] ; edited by Louis Ge ... [et al.]. aReston, Va. :bGeo Institute, American Society of Civil Engineers,c2009. ax, 109 p. :bill. ;c22 cm. aRoad materials aSoils aEngineering geologyxInstruments aPavements 0aGeotechnical special publication ; c2302d2302 00104070aNITbNITcCEd0000-00-00l0o624.151 GEpNIT-7098 r2017-01-05w2017-01-05yBK